Регионална библиотека "Любен Каравелов" - Русе

Микробният фактор (Запис номер 30779)

MARC детайли
000 -Лидер
Контролно поле с фиксирана дължина 03042nam a2200505 c 4500
003 - Код на организацията, давaща контролен номер
Контролно поле BLK
005 - Дата и час на последна редакция
Контролно поле 20240507144158.0
008 - Елементи от данни с фиксирана дължина
fixed length control field 180407b bul|||||r ||||||| ||bul||
010 ## - Наследен системен номер
LC control number KNG00033417000
020 ## - Международен стандартен номер на книга ISBN
Международен стандартен номер на книга ISBN 978-954-28-0899-2
-- издат.: Сиела Софт енд Паблишинг
040 ## - Източник на каталожния запис
Идентификатор на билиотеката - собственик на записа BLK
041 ## - Код за език
Код за езика на текст/звукозапис или на отделно заглавие Български
Код за езика КДБФ Български
072 #7 - Код за тематичната категория
Код организация bullib
Код за тематична категория Н61
Текст Медицина Н
072 #7 - Код за тематичната категория
Код организация bullib
Код за тематична категория Л04
Текст Лечебно хранене
080 ## - УДК
Текстов определител УДК Биохимия на човека (Физиологична химия) - Ензими, ферменти, химически състав на човешкото тяло, обмяна на веществата и влияние на температурата и нервната система върху нея, пигменти. Вж и 577.1
УДК код - определител по УДК 612.015
УДК определител
УДК - код + определител 612.015
080 ## - УДК
Текстов определител УДК Физиология на храненето. Глад. Жажда - Действие и усвояване на различни хранителни вещества:витамини, въглерод, азот, вода, сярарфосфор, желязо, минерални соли;растителни и животински храни;ка
УДК код - определител по УДК 612.39
УДК определител
УДК - код + определител 612.39
080 ## - УДК
Текстов определител УДК Здраве и болест. Самолечение(самооздравяване)на организма чрез защитния механизъм на организма. Експериментално предизвикване на болести
УДК код - определител по УДК 616-092.11/.19
УДК определител
УДК - код + определител 616-092.11/.19
080 ## - УДК
Текстов определител УДК Имунитет. Приспособяемост (адаптация) на организма. Токсини. Антитоксини
УДК код - определител по УДК 612.017
УДК определител
УДК - код + определител 612.017
100 1# - Редна дума - Автор
Автор Шиния Хироми
Авторска отговорност първи автор
R(LIN) 143454
139 ## - Редно поле
Редна дума Шиния Хироми
Авторски знак Шин - Ш 66
245 10 - Сведения за заглавието
Заглавие Микробният фактор
Подзаглавни данни Новата здравна революция : Как ензимите и микробите предпазват здравето ни
Редно поле (дума) Шиния Хироми; прев. Петър Амуджев.
257 ## - Страна на издаване
Страна на създаване/издаване Съединени американски щати
260 ## - Област на издателските данни
-- София
Име на издателя, разпространителя и проч. Сиела Софт енд Паблишинг
Година на издаване 2011
Печатница София : Д. Благоев
300 ## - Физическа характеристика
Страници 176 с.
Размери/Мащаб 21 см
380 ## - Жанр
Жанр Медицина
500 ## - Общи забележки
Забележка Ориг. загл. Byoki ni naranai ikikaka / Hiromi Shinya. - Съдържа и за авт.
650 #4 - Допълнително описание по предмет – тема
Основно описание – тема или топоним Ензими
9 (RLIN) 154946
650 #4 - Допълнително описание по предмет – тема
Основно описание – тема или топоним Микроорганизми
9 (RLIN) 162189
650 #4 - Допълнително описание по предмет – тема
Основно описание – тема или топоним Храни - състав
9 (RLIN) 253133
650 #4 - Допълнително описание по предмет – тема
Основно описание – тема или топоним Хранене - хигиена
9 (RLIN) 244313
653 ## - Ключова дума – ненормативна
Ключова дума ензими
653 ## - Ключова дума – ненормативна
Ключова дума микроорганизми
653 ## - Ключова дума – ненормативна
Ключова дума хигиена на храненето
653 ## - Ключова дума – ненормативна
Ключова дума храни
653 ## - Ключова дума – ненормативна
Ключова дума имунитет
659 ## - Тематичен бюлетин
Тематичен бюлетин Л
659 ## - Тематичен бюлетин
Тематичен бюлетин Н
700 1# - Други автори (авторска отговорност)
Лично име Амуджев, Петър
Автороска отговорност (Описва отношението между автора и произведението) прев.
9 (RLIN) 271035
852 ## - Местоположение
Форматна сигнатура Цб 251575
856 4# - Електронен адрес и достъп
Електронен формат pdf - файл
Път до файла /url/
856 4# - Електронен адрес и достъп
Електронен формат pdf - файл
Път до файла /url/
942 ## - АРТИКУЛИ
Вид на библиотечния материал Книги
Скрит в OPAC Не
Koha issues (borrowed), all copies 11
944 ## - СЪЗДАВАНЕ И РЕДАКЦИЯ на ЗАПИСА
Създаване/Редакция Създаване
Дата на регистрацията/редакция 26.04.2011
Статус, дата на статуса Галина Якимова
Служител, извършил регистрацията/редакцията 30564
944 ## - СЪЗДАВАНЕ И РЕДАКЦИЯ на ЗАПИСА
Създаване/Редакция Редакция
Дата на регистрацията/редакция 14.03.2013
Статус, дата на статуса ф /
Служител, извършил регистрацията/редакцията
999 ## - СИСТЕМНИ КОНТРОЛНИ НОМЕРА
Koha biblionumber 30779
Koha biblioitemnumber 30779
Наличности
Код за отписване Код за изгубен артикул Код за повреда Коз за рестрикции Код за отдаване Артикулен № Име на библиотеката - собственик Име на библиотеката, в която се намира в момента Статус (Текущо местоположение) Дата на вписване в системата Местоположение - отдел Цена в лева Инвентарен номер Систематично азбучна сигнатура Баркод Номер на екземпляра Цена в евро Служебна бележка Служебен тип на артикула
  Не е изгубен Не е повреден без рестрикции заемане за дома 49233 Регионална библиотека "Любен Каравелов" Русе Регионална библиотека "Любен Каравелов" Русе Заемна - подръчен фонд 2011-04-27 Заемна - подръчен фонд 10.00 120000750550 П 612/Ш 66 120000750550 1 5.11 Дост: DA Вид: А N: 7 Дата: 27.04.2011 Книги
  Не е изгубен Не е повреден без рестрикции ползва се в читалня 49234 Регионална библиотека "Любен Каравелов" Русе Регионална библиотека "Любен Каравелов" Русе Читалня 2011-12-19 Читалня 10.00 120000755894 Ч 612/Ш 66 120000755894 2 5.11 Дост: Pk Вид: Ф N: 291 Дата: 15.12.2011 Дата инв: 17.03.2017 Бележки инв: Ч2017 Книги
  Не е изгубен Не е повреден без рестрикции ползва се в читалня 49235 Регионална библиотека "Любен Каравелов" Русе Регионална библиотека "Любен Каравелов" Русе Хранилище 2013-03-11 Основен фонд - ползва се само за читалня 7.00 120000764843 Цб 251575 120000764843 3 3.58 Дост: Pk Вид: Ф N: 423 Дата: 03.03.2013 Книги
  Не е изгубен Не е повреден без рестрикции заемане за дома 49236 Регионална библиотека "Любен Каравелов" Русе Регионална библиотека "Любен Каравелов" Русе Заемна - подръчен фонд 2013-03-11 Заемна - подръчен фонд 7.00 120000764844 П 612/Ш 66 120000764844 4 3.58 Дост: Pk Вид: Ф N: 423 Дата: 03.03.2013 Книги
Vip Innovations Ltd, Rousse, Bulgaria 2025